00408nam a2200169Ia 4500008004100000020001800041050001400059100001900073245001200092245003500104245001800139260001300157260001800170260000900188300001600197300002500213180207s9999 xx 000 0 und d a9781406316216 bC867 2009 aCousins, Lucy. aYummy : bmy favourite nursery stories / cLucy Cousins. aLondon : bWalker Books, c2009 a121 pages : bcolor illustration ;